Computer Fundamentals (Record no. 688)

MARC details
000 -LEADER
fixed length control field 00443nam a22001817a 4500
005 - DATE AND TIME OF LATEST TRANSACTION
control field 20210906113202.0
008 - FIXED-LENGTH DATA ELEMENTS--GENERAL INFORMATION
fixed length control field 160512b xxu||||| |||| 00| 0 eng d
020 ## - INTERNATIONAL STANDARD BOOK NUMBER
ISBN 81-7656-752-3
041 ## - LANGUAGE CODE
Language code of text/sound track or separate title eng
082 ## - DEWEY DECIMAL CLASSIFICATION NUMBER
Item number 1785
Classification number 004
100 ## - MAIN ENTRY--AUTHOR NAME
Personal name Sinha P.K. and Sinha, Priti
245 ## - TITLE STATEMENT
Title Computer Fundamentals
250 ## - EDITION STATEMENT
Edition statement 4th ed.
260 ## - PUBLICATION, DISTRIBUTION, ETC. (IMPRINT)
Place of publication New Delhi
Name of publisher BPB Publishing,
Year of publication 2003
300 ## - PHYSICAL DESCRIPTION
Number of Pages 248
650 ## - SUBJECT ADDED ENTRY--TOPICAL TERM
Topical Term Management
942 ## - ADDED ENTRY ELEMENTS (KOHA)
Koha item type Books
Holdings
Lost status Damaged status Home library Current library Shelving location Date acquired Cost, normal purchase price Full call number Accession Number Koha item type Collection code Source of acquisition
    JRU Library   SHELF- 69 F 12/05/2016 248.00 1785 1785 Books    
    JRU Library JRU Library SHELF-48-A 12/05/2016 248.00 004 1786 Books CS/IT PURCHASE
    JRU Library   SHELF- 69 F 12/05/2016 248.00 1785 1787 Books    
    JRU Library JRU Library SHELF-48-A 12/05/2016 248.00 004 1788 Books CS/IT PURCHASE